El muestreo estadístico aplicado a la censura de cuentas / (Record no. 50468)

MARC details
000 -LEADER
campo de control de longitud fija 00668nam a2200193 i 4500
001 - NÚMERO DE CONTROL
campo de control 50468
003 - IDENTIFICADOR DE NÚMERO DE CONTROL
campo de control ES-MaACL
005 - FECHA Y HORA DE LA ÚLTIMA TRANSACCIÓN
campo de control 20230906162202.0
007 - CAMPO FIJO DE DESCRIPCIÓN FÍSICA--INFORMACIÓN GENERAL
campo de control de longitud fija t|
008 - DATOS DE LONGITUD FIJA--INFORMACIÓN GENERAL
campo de control de longitud fija 030804s1965 sp ||||1| spa d
100 1# - ENTRADA PRINCIPAL--NOMBRE DE PERSONA
Nombre de persona Cyert, R.M.
9 (RLIN) 42316
245 13 - MENCIÓN DEL TÍTULO
Título El muestreo estadístico aplicado a la censura de cuentas /
Mención de responsabilidad, etc. R. M. Cyert, H. Justin Davidson ; traducción de Jaime Gil Aluja ; prólogo Enrique Fernández Peño.
260 ## - PUBLICACIÓN, DISTRIBUCIÓN, ETC.
Lugar de publicación, distribución, etc. Barcelona :
Nombre del editor, distribuidor, etc. Sagitario,
Fecha de publicación, distribución, etc. 1965.
300 ## - DESCRIPCIÓN FÍSICA
Extensión 312 p. ;
Dimensiones 22 cm.
700 1# - ENTRADA AGREGADA--NOMBRE PERSONAL
Nombre de persona Gil Aluja, Jaime.
9 (RLIN) 56762
700 1# - ENTRADA AGREGADA--NOMBRE PERSONAL
Nombre de persona Fernández Peño, Enrique.
9 (RLIN) 49987
700 1# - ENTRADA AGREGADA--NOMBRE PERSONAL
Nombre de persona Davidson, H. Justin.
9 (RLIN) 42899
852 ## - LOCALIZACIÓN
Ubicación ES-MaACL
Número de control de estantería C-27640
Sublocalización o colección R.56886
Holdings
Estatus retirado Estado de pérdida Estado de daño No para préstamo Biblioteca de origen Biblioteca actual Ubicación en estantería Fecha de adquisición Fuente de adquisición Total de préstamos Signatura topográfica completa Código de barras Visto por última vez Precio de reemplazo Tipo de ítem Koha
        Biblioteca del Ateneo de Madrid Biblioteca del Ateneo de Madrid Depósito 2 17/01/2008     C-27640 1053089 23/02/2023 23/02/2023 Libro impreso